000 00500nam a2200181Ia 4500
005 20250508160840.0
008 008 250505s9999 xx 000 0 eng d
037 _aTextual
040 _aFEDL
_beng
_cFEDL
041 _aeng
_2eng
084 _a519.5354, GOR
_qFEDL
100 _aGorsuch Richard L
_9333940
245 0 _aFactor analysis
260 _aPhiladelphia
_bW B Saunders Company
_c1974
300 _axv,370p.
942 _cTEXL
_h519.5354, GOR
999 _c1366969
_d1366969